[Event "GRB-ch Universities"]
[Site "Birmingham"]
[Date "2017.02.26"]
[Round "4.3"]
[White "Rudakov, Aleksander"]
[Black "Weller, Pierre"]
[Result "1/2-1/2"]
[WhiteElo "2243"]
[BlackElo "2024"]
[PlyCount "102"]
[EventDate "2017.02.25"]
[EventType "team-swiss"]
[EventRounds "5"]
[EventCountry "ENG"]
[SourceTitle "CBM 177 Extra"]
[Source "ChessBase"]
[SourceDate "2017.04.27"]
[SourceVersion "1"]
[SourceVersionDate "2017.04.27"]
[SourceQuality "1"]
[WhiteTeam "Bath"]
[BlackTeam "Cambridge"]
[WhiteTeamCountry "ENG"]
[BlackTeamCountry "ENG"]

1. e4 e6 2. d4 d5 3. Nd2 Nf6 4. e5 Nfd7 5. Bd3 c5 6. c3 Nc6 7. Ne2 cxd4 8. cxd4 f6 9. exf6 Nxf6 10. Nf3 Bd6 11. 0-0 Qc7 12. Bg5 0-0 13. Bh4 Nh5 14. Qc2 h6 15. Bh7+ Kh8 16. Bg6 Rxf3 17. gxf3 Bxh2+ 18. Kg2 Nf4+ 19. Nxf4 Qxf4 20. Bg3 Bxg3 21. fxg3 Qf6 22. Rad1 Nxd4 23. Qd2 e5 24. Bb1 Be6 25. f4 Bg4 26. Qd3 Bf5 27. fxe5 Bxd3 28. exf6 Bxf1+ 29. Kxf1 Nc6 30. fxg7+ Kxg7 31. Rxd5 Rd8 32. Rxd8 Nxd8 33. Ke2 Kf6 34. Ke3 Ke5 35. Be4 b6 36. a4 a5 37. Bd3 Ne6 38. b3 Nc5 39. Bc4 Ne4 40. Kf3 Nd2+ 41. Kg4 Nxc4 42. bxc4 Ke4 43. Kh5 Kf3 44. Kxh6 Kxg3 45. Kg5 Kf3 46. Kf5 Ke3 47. Ke5 Kd3 48. Kd5 Kc3 49. c5 bxc5 50. Kxc5 Kd3 51. Kb5 Kd4 1/2-1/2

[Event "GRB-ch Universities"]
[Site "Birmingham"]
[Date "2017.02.25"]
[Round "2.3"]
[White "Rudakov, Aleksander"]
[Black "Deaconu, Mihai Ionut"]
[Result "1-0"]
[WhiteElo "2243"]
[BlackElo "1913"]
[PlyCount "39"]
[EventDate "2017.02.25"]
[EventType "team-swiss"]
[EventRounds "5"]
[EventCountry "ENG"]
[SourceTitle "CBM 177 Extra"]
[Source "ChessBase"]
[SourceDate "2017.04.27"]
[SourceVersion "1"]
[SourceVersionDate "2017.04.27"]
[SourceQuality "1"]
[WhiteTeam "Bath"]
[BlackTeam "UCL"]
[WhiteTeamCountry "ENG"]
[BlackTeamCountry "ENG"]

1. e4 d6 2. d4 Nf6 3. Nc3 g6 4. f4 Bg7 5. Nf3 0-0 6. Bd3 Bg4 7. h3 Bxf3 8. Qxf3 e5 9. dxe5 dxe5 10. f5 Nc6 11. g4 Nd4 12. Qf2 gxf5 13. gxf5 Nd7 14. Rg1 Kh8 15. Be3 c6 16. 0-0-0 b5 17. Kb1 Nc5 18. Rxg7 b4 19. Rxh7+ Kxh7 20. f6 1-0

[Event "Berlin Lichtenberger op 15th"]
[Site "Berlin"]
[Date "2016.08.21"]
[Round "9"]
[White "Rudakov, Aleksander"]
[Black "Jahn, Thomas"]
[Result "1-0"]
[WhiteElo "2242"]
[BlackElo "2195"]
[PlyCount "51"]
[EventDate "2016.08.13"]
[EventType "swiss"]
[EventRounds "9"]
[EventCountry "GER"]
[SourceTitle "CBM 173 Extra"]
[Source "ChessBase"]
[SourceDate "2016.08.29"]
[SourceVersion "1"]
[SourceVersionDate "2016.08.29"]
[SourceQuality "1"]

1. e4 e5 2. Nf3 Nc6 3. Bb5 Nd4 4. Nxd4 exd4 5. 0-0 c6 6. Bc4 Nf6 7. e5 d5 8. Bb3 Ne4 9. d3 Nc5 10. f4 Qh4 11. Nd2 Bg4 12. Nf3 Bxf3 13. Qxf3 f5 14. c4 dxc3 15. bxc3 Ne6 16. Be3 Bc5 17. d4 Bb6 18. a4 Qd8 19. g4 g6 20. gxf5 gxf5 21. Qh5+ Kd7 22. Qxf5 Qg8+ 23. Kh1 Qg6 24. Qh3 Qe4+ 25. Qf3 Qxf3+ 26. Rxf3 1-0

[Event "Berlin Lichtenberger op 15th"]
[Site "Berlin"]
[Date "2016.08.19"]
[Round "7"]
[White "Rudakov, Aleksander"]
[Black "Morawietz, Dieter"]
[Result "0-1"]
[WhiteElo "2242"]
[BlackElo "2424"]
[PlyCount "38"]
[EventDate "2016.08.13"]
[EventType "swiss"]
[EventRounds "9"]
[EventCountry "GER"]
[SourceTitle "CBM 173 Extra"]
[Source "ChessBase"]
[SourceDate "2016.08.29"]
[SourceVersion "1"]
[SourceVersionDate "2016.08.29"]
[SourceQuality "1"]

1. e4 c5 2. Nf3 e6 3. c4 Nc6 4. Be2 e5 5. 0-0 d6 6. Nc3 g6 7. d3 Bg7 8. Ne1 Nge7 9. f4 0-0 10. Nf3 h6 11. Be3 exf4 12. Bxf4 f5 13. exf5 Nxf5 14. Rb1 g5 15. Bd2 g4 16. Ne1 Bd4+ 17. Kh1 Qh4 18. Bf4 g3 19. h3 Ne3 0-1

[Event "Berlin Lichtenberger op 15th"]
[Site "Berlin"]
[Date "2016.08.17"]
[Round "5"]
[White "Rudakov, Aleksander"]
[Black "Barath, M."]
[Result "1-0"]
[WhiteElo "2242"]
[BlackElo "2107"]
[PlyCount "81"]
[EventDate "2016.08.13"]
[EventType "swiss"]
[EventRounds "9"]
[EventCountry "GER"]
[SourceTitle "CBM 173 Extra"]
[Source "ChessBase"]
[SourceDate "2016.08.29"]
[SourceVersion "1"]
[SourceVersionDate "2016.08.29"]
[SourceQuality "1"]

1. Nf3 Nf6 2. g3 b5 3. Bg2 Bb7 4. 0-0 e6 5. a4 b4 6. a5 c5 7. c3 Na6 8. d4 Be7 9. dxc5 Bxc5 10. cxb4 Bxb4 11. Bd2 Be7 12. Nc3 0-0 13. Nb5 Nc5 14. Bb4 Rb8 15. Nd6 Bxf3 16. Bxc5 Bxg2 17. Kxg2 Rxb2 18. Kg1 Nd5 19. e4 Qb8 20. Qd4 Rc2 21. exd5 Bxd6 22. Bxa7 Be5 23. Qe3 Qc7 24. Bb6 Qc3 25. Qxc3 Rxc3 26. Rad1 Rcc8 27. Rfe1 Bc7 28. dxe6 dxe6 29. Rd7 Bxb6 30. axb6 Rb8 31. b7 g6 32. Rc1 Kg7 33. Rcc7 Kf6 34. f4 h5 35. Kf2 Kg7 36. Ke3 Kg8 37. Kd4 Kg7 38. Kc5 Kg8 39. Kb6 Kg7 40. Rd6 Kg8 41. Rdc6 1-0

[Event "Varna op-A 8th"]
[Site "Varna"]
[Date "2014.06.21"]
[Round "3"]
[White "Rudakov, Aleksander"]
[Black "Dobrov, Vladimir"]
[Result "1/2-1/2"]
[WhiteElo "2310"]
[BlackElo "2515"]
[PlyCount "75"]
[EventDate "2014.06.19"]
[EventType "swiss"]
[EventRounds "9"]
[EventCountry "BUL"]
[SourceTitle "CBM 161 Extra"]
[Source "ChessBase"]
[SourceDate "2014.08.29"]
[SourceVersion "1"]
[SourceVersionDate "2014.08.29"]
[SourceQuality "1"]

1. e4 c5 2. Nf3 Nc6 3. d4 cxd4 4. Nxd4 Nf6 5. Nc3 e5 6. Ndb5 d6 7. Bg5 a6 8. Na3 b5 9. Nd5 Qa5+ 10. Bd2 Qd8 11. Bg5 Qa5+ 12. Bd2 Qd8 13. Bg5 Be7 14. Bxf6 Bxf6 15. c4 b4 16. Nc2 0-0 17. Be2 Bg5 18. 0-0 a5 19. Qd3 Be6 20. b3 Nb8 21. a3 Na6 22. axb4 axb4 23. Ncxb4 Nxb4 24. Nxb4 Qb6 25. Nd5 Bxd5 26. Qxd5 Rxa1 27. Rxa1 Qxb3 28. Ra8 Qb1+ 29. Bf1 Be7 30. Rxf8+ Bxf8 31. g3 Qb6 32. Kg2 g6 33. h4 h5 34. Bd3 Kg7 35. Kf3 Qc5 36. Qxc5 dxc5 37. Bc2 Kf6 38. Ba4 1/2-1/2

[Event "Varna op-A 8th"]
[Site "Varna"]
[Date "2014.06.19"]
[Round "1"]
[White "Bernadskiy, Vitaliy"]
[Black "Rudakov, Aleksander"]
[Result "1-0"]
[WhiteElo "2541"]
[BlackElo "2310"]
[PlyCount "139"]
[EventDate "2014.06.19"]
[EventType "swiss"]
[EventRounds "9"]
[EventCountry "BUL"]
[SourceTitle "CBM 161 Extra"]
[Source "ChessBase"]
[SourceDate "2014.08.29"]
[SourceVersion "1"]
[SourceVersionDate "2014.08.29"]
[SourceQuality "1"]

1. Nf3 Nf6 2. g3 d5 3. Bg2 g6 4. b3 Bg7 5. Bb2 0-0 6. c4 e6 7. Qc2 b6 8. 0-0 Bb7 9. d4 dxc4 10. Qxc4 Nbd7 11. Nc3 c5 12. dxc5 Nxc5 13. Rfd1 Qe7 14. b4 Na6 15. a3 Rac8 16. Qb3 Nb8 17. Rac1 Nbd7 18. Nb5 Bd5 19. Qa4 a6 20. Nc7 Bb7 21. Nxa6 Ra8 22. b5 Nc5 23. Qh4 Nxa6 24. bxa6 Rxa6 25. Be5 Nd5 26. Qxe7 Nxe7 27. Bd6 Bf6 28. Rc7 Bxf3 29. Bxf3 Rd8 30. e4 Nd5 31. Rc6 Nc3 32. Rd3 Nb5 33. e5 Bg7 34. Bb4 Rb8 35. Bd6 Rd8 36. Be2 Nxd6 37. exd6 Bf8 38. Rc7 Ra5 39. d7 Bxa3 40. Rc8 Be7 41. Rb3 Kg7 42. Bb5 Ra8 43. Rbc3 Bc5 44. Rxd8 Rxd8 45. Rc2 Kf6 46. Ra2 Ke7 47. Ra7 Kd6 48. Rb7 Bd4 49. Kg2 Kc5 50. Ba4 Kd6 51. f4 h5 52. Kf3 Ke7 53. h3 Bc5 54. g4 hxg4+ 55. hxg4 Bg1 56. Rc7 Bc5 57. Bb5 Bd4 58. Ke4 Bg1 59. f5 gxf5+ 60. gxf5 exf5+ 61. Kd5 Bc5 62. Kc6 f4 63. Be2 f5 64. Ra7 Be3 65. Bd3 f3 66. Bxf5 f2 67. Bh3 Bc5 68. Ra4 Rxd7 69. Re4+ Kd8 70. Bxd7 1-0

[Event "Golden Sands Europe op 3rd"]
[Site "Golden Sands"]
[Date "2014.06.17"]
[Round "8"]
[White "Morozov, Egor"]
[Black "Rudakov, Aleksander"]
[Result "1/2-1/2"]
[WhiteElo "2179"]
[BlackElo "2310"]
[PlyCount "73"]
[EventDate "2014.06.10"]
[EventType "swiss"]
[EventRounds "9"]
[EventCountry "BUL"]
[SourceTitle "CBM 160 Extra"]
[Source "ChessBase"]
[SourceDate "2014.07.01"]
[SourceVersion "1"]
[SourceVersionDate "2014.07.01"]
[SourceQuality "1"]

1. e4 e6 2. d4 d5 3. Nd2 Nf6 4. e5 Nfd7 5. Ngf3 c5 6. c3 Nc6 7. Bd3 Be7 8. 0-0 g5 9. dxc5 Ndxe5 10. Bb5 Bd7 11. b4 Ng6 12. Nb3 0-0 13. Bd3 f5 14. Bc2 g4 15. Nfd4 e5 16. Ne2 Be6 17. Bh6 Rf7 18. Re1 Bg5 19. Bxg5 Qxg5 20. b5 Nce7 21. c6 bxc6 22. Nc5 Rf6 23. Nxe6 Rxe6 24. Nd4 Rd6 25. Nxc6 Nxc6 26. bxc6 f4 27. Rb1 Rc8 28. Bxg6 hxg6 29. Qa4 Rdxc6 30. Qxa7 R6c7 31. Rb7 Qe7 32. Rxc7 Qxc7 33. Qxc7 Rxc7 34. Rxe5 d4 35. Kf1 Rxc3 36. Rd5 d3 37. Ke1 1/2-1/2

[Event "Golden Sands Europe op 3rd"]
[Site "Golden Sands"]
[Date "2014.06.14"]
[Round "5"]
[White "Rudakov, Aleksander"]
[Black "Arnaudov, Petar G"]
[Result "0-1"]
[WhiteElo "2310"]
[BlackElo "2457"]
[PlyCount "86"]
[EventDate "2014.06.10"]
[EventType "swiss"]
[EventRounds "9"]
[EventCountry "BUL"]
[SourceTitle "CBM 160 Extra"]
[Source "ChessBase"]
[SourceDate "2014.07.01"]
[SourceVersion "1"]
[SourceVersionDate "2014.07.01"]
[SourceQuality "1"]

1. e4 g6 2. d4 Bg7 3. Nc3 c6 4. f4 d5 5. e5 Nh6 6. Nf3 Bg4 7. Be3 f6 8. exf6 exf6 9. h3 Qe7 10. Qe2 Bxf3 11. Qxf3 Nf5 12. 0-0-0 Qxe3+ 13. Qxe3+ Nxe3 14. Re1 Kf7 15. Rxe3 f5 16. Ne2 Nd7 17. g3 Nf6 18. Bg2 h5 19. Re1 h4 20. Ng1 Ne4 21. c3 hxg3 22. Bxe4 dxe4 23. Rxg3 Rh4 24. Ne2 Bh6 25. Rf1 Kf6 26. Kc2 Rh8 27. c4 g5 28. fxg5+ Bxg5 29. Nc3 R8h5 30. b4 Kg6 31. Ne2 Kf6 32. Nc3 Rf4 33. Rfg1 Rf2+ 34. Kb3 Rh2 35. b5 R2xh3 36. a4 Rxg3 37. Rxg3 Bd2 38. a5 Bxc3 39. Kxc3 cxb5 40. cxb5 f4 41. Rg4 f3 42. Kd2 Kf5 43. Rg7 Kf4 0-1

[Event "Philadelphia op 8th"]
[Site "Philadelphia"]
[Date "2014.04.19"]
[Round "6"]
[White "Anuprita, Patil"]
[Black "Rudakov, Aleksander"]
[Result "1/2-1/2"]
[WhiteElo "2060"]
[BlackElo "2338"]
[PlyCount "65"]
[EventDate "2014.04.16"]
[EventType "swiss"]
[EventRounds "9"]
[EventCountry "USA"]
[SourceTitle "CBM 159 Extra"]
[Source "ChessBase"]
[SourceDate "2014.04.24"]
[SourceVersion "1"]
[SourceVersionDate "2014.04.24"]
[SourceQuality "1"]

1. d4 Nf6 2. c4 c5 3. d5 e6 4. Nc3 exd5 5. cxd5 Bd6 6. Nf3 Bc7 7. Bg5 d6 8. e3 0-0 9. Bd3 a6 10. a4 Nbd7 11. Qc2 h6 12. Bh4 Re8 13. g4 Ne5 14. Nxe5 Rxe5 15. h3 Ba5 16. 0-0 Re8 17. e4 g5 18. Bg3 Bxc3 19. Qxc3 Nxe4 20. Bxe4 Rxe4 21. Rfe1 Rd4 22. Re3 Bd7 23. Bxd6 Bc6 24. dxc6 Qxd6 25. cxb7 Rb8 26. b4 c4 27. Rae1 Rxb7 28. Re8+ Kh7 29. R1e4 Rd7 30. Rxd4 Qxd4 31. Qxd4 Rxd4 32. Rc8 c3 33. b5 1/2-1/2

[Event "Budapest FS11 IM"]
[Site "Budapest"]
[Date "2013.11.08"]
[Round "6"]
[White "Matsenko, Andrei"]
[Black "Rudakov, Aleksander"]
[Result "1-0"]
[WhiteElo "2269"]
[BlackElo "2340"]
[PlyCount "65"]
[EventDate "2013.11.02"]
[EventType "tourn"]
[EventRounds "11"]
[EventCountry "HUN"]
[EventCategory "2"]
[SourceTitle "EXT 2015"]
[Source "ChessBase"]
[SourceDate "2014.11.20"]
[SourceVersion "1"]
[SourceVersionDate "2014.11.20"]
[SourceQuality "1"]

1. e4 e6 2. d4 d5 3. Nd2 Nf6 4. e5 Nfd7 5. Bd3 c5 6. c3 Nc6 7. Ne2 cxd4 8. cxd4 f6 9. exf6 Nxf6 10. Nf3 Bd6 11. 0-0 0-0 12. Bf4 Bxf4 13. Nxf4 Ne4 14. Ne2 Rxf3 15. gxf3 Ng5 16. Kh1 e5 17. Qb3 Kh8 18. Bc2 Qf8 19. f4 exf4 20. f3 Bh3 21. Rg1 Qe7 22. Rae1 Re8 23. Qc3 Qf6 24. Nxf4 Rf8 25. Rxg5 Qxg5 26. Nxh3 Qh4 27. Ng1 Nxd4 28. Qb4 Qf6 29. Bd3 b6 30. Qe7 Qf4 31. Qe3 Qh4 32. Rc1 Kg8 33. Rc7 1-0

[Event "Budapest FS11 IM"]
[Site "Budapest"]
[Date "2013.11.04"]
[Round "2"]
[White "Kozlitin, Oleg"]
[Black "Rudakov, Aleksander"]
[Result "1-0"]
[WhiteElo "2314"]
[BlackElo "2340"]
[PlyCount "115"]
[EventDate "2013.11.02"]
[EventType "tourn"]
[EventRounds "11"]
[EventCountry "HUN"]
[EventCategory "2"]
[SourceTitle "EXT 2015"]
[Source "ChessBase"]
[SourceDate "2014.11.20"]
[SourceVersion "1"]
[SourceVersionDate "2014.11.20"]
[SourceQuality "1"]

1. e4 e6 2. d4 d5 3. Nc3 Nf6 4. Bg5 dxe4 5. Nxe4 Be7 6. Bxf6 gxf6 7. Nf3 b6 8. Bb5+ c6 9. Bc4 Bb7 10. Qe2 Nd7 11. 0-0-0 Qc7 12. Rhe1 0-0-0 13. Ba6 Rhg8 14. g3 b5 15. Bxb7+ Qxb7 16. Kb1 Nb6 17. Nc5 Bxc5 18. dxc5 Nd5 19. c4 bxc4 20. Qxc4 Kc7 21. Rd3 Rb8 22. Rb3 Qa8 23. Nd2 a5 24. Re4 Rxb3 25. Nxb3 Rb8 26. Qa4 Rb5 27. Rh4 Qb8 28. Rxh7 Qg8 29. Rh4 Nb4 30. a3 Qg6+ 31. Ka1 Nd5 32. Qc4 e5 33. Ka2 Qf5 34. Qe2 Qe6 35. Qc2 f5 36. Ra4 Nf6 37. Qc4 Ne4 38. Qxe6 fxe6 39. f3 Nxc5 40. Rxa5 Rxa5 41. Nxa5 e4 42. fxe4 Nxe4 43. Nc4 Kb7 44. Kb3 Ka6 45. Kb4 Kb7 46. Ka5 Nf6 47. b4 Ng4 48. h3 Nf6 49. b5 cxb5 50. Kxb5 Ne4 51. g4 f4 52. h4 f3 53. Ne3 f2 54. Kc4 Nd2+ 55. Kc5 f1Q 56. Nxf1 Nxf1 57. h5 Nd2 58. Kd6 1-0

[Event "Novi Sad Zanosh 2nd"]
[Site "Novi Sad"]
[Date "2013.10.27"]
[Round "9"]
[White "Lukajic, Bojan"]
[Black "Rudakov, Aleksander"]
[Result "1/2-1/2"]
[WhiteElo "2167"]
[BlackElo "2262"]
[PlyCount "20"]
[EventDate "2013.10.21"]
[EventType "tourn"]
[EventRounds "9"]
[EventCountry "SRB"]
[EventCategory "2"]
[SourceTitle "EXT 2014"]
[Source "ChessBase"]
[SourceDate "2013.11.20"]
[SourceVersion "1"]
[SourceVersionDate "2013.11.20"]
[SourceQuality "1"]

1. e4 e6 2. d4 d5 3. e5 c5 4. c3 Qb6 5. Nf3 Nc6 6. Bd3 cxd4 7. cxd4 Bd7 8. 0-0 Nxd4 9. Nxd4 Qxd4 10. Nc3 a6 1/2-1/2

[Event "Novi Sad Zanosh 2nd"]
[Site "Novi Sad"]
[Date "2013.10.22"]
[Round "2"]
[White "Petkovic, Radosav"]
[Black "Rudakov, Aleksander"]
[Result "1/2-1/2"]
[WhiteElo "2260"]
[BlackElo "2262"]
[PlyCount "34"]
[EventDate "2013.10.21"]
[EventType "tourn"]
[EventRounds "9"]
[EventCountry "SRB"]
[EventCategory "2"]
[SourceTitle "EXT 2014"]
[Source "ChessBase"]
[SourceDate "2013.11.20"]
[SourceVersion "1"]
[SourceVersionDate "2013.11.20"]
[SourceQuality "1"]

1. e4 e6 2. d4 d5 3. Nd2 Nf6 4. e5 Nfd7 5. Bd3 c5 6. c3 Nc6 7. Ne2 cxd4 8. cxd4 f6 9. exf6 Nxf6 10. Nf3 Bd6 11. 0-0 0-0 12. Bf4 Bxf4 13. Nxf4 Ne4 14. Qc1 Ng5 15. Nxg5 Qxg5 16. Ne2 Qf6 17. Qe3 e5 1/2-1/2

[Event "Kecskemet Caissa IM 09"]
[Site "Kecskemet"]
[Date "2013.09.23"]
[Round "3"]
[White "Rudakov, Aleksander"]
[Black "Meszaros, Andras"]
[Result "1-0"]
[WhiteElo "2209"]
[BlackElo "2273"]
[PlyCount "61"]
[EventDate "2013.09.21"]
[EventType "tourn"]
[EventRounds "9"]
[EventCountry "HUN"]
[EventCategory "1"]
[SourceTitle "CBM 156 Extra"]
[Source "ChessBase"]
[SourceDate "2013.10.22"]
[SourceVersion "1"]
[SourceVersionDate "2013.10.22"]
[SourceQuality "1"]

1. e4 e5 2. Nf3 Nc6 3. Bb5 a6 4. Bxc6 dxc6 5. Nc3 f6 6. d4 exd4 7. Nxd4 Ne7 8. Be3 Qd6 9. Qe2 Ng6 10. 0-0-0 Qe5 11. Nf5 Bd7 12. f4 Qa5 13. Qh5 Bxf5 14. exf5 Bb4 15. Qg4 Ne7 16. Qxg7 Rg8 17. Qxf6 Bxc3 18. Qxc3 Qxc3 19. bxc3 Rxg2 20. Rhg1 Rxg1 21. Rxg1 Kf7 22. Rg5 Nd5 23. Bd4 Nf6 24. Be5 Re8 25. Rg3 Re7 26. h4 b5 27. Rg5 c5 28. h5 Ne8 29. h6 Rd7 30. Rg6 Nf6 31. Rg7+ 1-0

[Event "Budapest FS09 IM"]
[Site "Budapest"]
[Date "2013.09.16"]
[Round "10"]
[White "Fayard, Alain"]
[Black "Rudakov, Aleksander"]
[Result "1-0"]
[WhiteElo "2259"]
[BlackElo "2209"]
[PlyCount "89"]
[EventDate "2013.09.07"]
[EventType "tourn"]
[EventRounds "13"]
[EventCountry "HUN"]
[EventCategory "2"]
[SourceTitle "CBM 156 Extra"]
[Source "ChessBase"]
[SourceDate "2013.10.22"]
[SourceVersion "1"]
[SourceVersionDate "2013.10.22"]
[SourceQuality "1"]

1. d4 Nf6 2. c4 c5 3. d5 e6 4. Nc3 exd5 5. cxd5 Bd6 6. Bg5 Bc7 7. Nf3 d6 8. e4 0-0 9. Be2 a6 10. a4 Re8 11. Nd2 Nbd7 12. 0-0 Rb8 13. f4 Nf8 14. e5 dxe5 15. Nde4 Bf5 16. d6 Ba5 17. Ng3 Bxc3 18. bxc3 Bd7 19. Nh5 e4 20. f5 Re5 21. g4 Bc6 22. Bxf6 gxf6 23. Qe1 Nd7 24. Qh4 c4 25. Bxc4 Qb6+ 26. Rf2 e3 27. Re2 Qd8 28. Rae1 b5 29. axb5 axb5 30. Ba2 b4 31. Rxe3 Rxe3 32. Rxe3 b3 33. Bb1 Ra8 34. g5 Ra1 35. Qe1 Ra8 36. gxf6 Kh8 37. Qg3 Qg8 38. Qg7+ Qxg7+ 39. fxg7+ Kg8 40. f6 Nc5 41. Ng3 Bd7 42. Nf5 Bxf5 43. Bxf5 b2 44. Re1 Ne6 45. d7 1-0

[Event "Budapest FS09 IM"]
[Site "Budapest"]
[Date "2013.09.12"]
[Round "6"]
[White "Lyell, Mark"]
[Black "Rudakov, Aleksander"]
[Result "1-0"]
[WhiteElo "2220"]
[BlackElo "2209"]
[PlyCount "83"]
[EventDate "2013.09.07"]
[EventType "tourn"]
[EventRounds "13"]
[EventCountry "HUN"]
[EventCategory "2"]
[SourceTitle "CBM 156 Extra"]
[Source "ChessBase"]
[SourceDate "2013.10.22"]
[SourceVersion "1"]
[SourceVersionDate "2013.10.22"]
[SourceQuality "1"]

1. e4 e6 2. d4 d5 3. Nc3 Nf6 4. e5 Nfd7 5. f4 c5 6. Nf3 Nc6 7. Be3 a6 8. Qd2 cxd4 9. Nxd4 Bc5 10. 0-0-0 Nxd4 11. Bxd4 Qc7 12. Qf2 b5 13. Bd3 Bb7 14. Rhe1 Bxd4 15. Qxd4 Qa5 16. Kb1 b4 17. Ne2 Nc5 18. f5 exf5 19. Bxf5 0-0 20. Qh4 h6 21. Nd4 Qd8 22. Qh3 Kh8 23. g4 Bc8 24. Qg3 Be6 25. h4 Qd7 26. Rf1 g6 27. Qe3 Kg7 28. h5 gxf5 29. gxf5 Kh7 30. fxe6 fxe6 31. Nf5 Rxf5 32. Rxf5 exf5 33. Qxc5 Rg8 34. b3 Rd8 35. Qxb4 d4 36. Qb6 Qe8 37. e6 Qe7 38. Qxa6 Rd6 39. Qc4 f4 40. Re1 f3 41. Qd3+ Kh8 42. Qxf3 1-0

[Event "Budapest FS09 IM"]
[Site "Budapest"]
[Date "2013.09.11"]
[Round "5"]
[White "Rudakov, Aleksander"]
[Black "Cuhendi, Sean Winshand"]
[Result "1/2-1/2"]
[WhiteElo "2209"]
[BlackElo "2338"]
[PlyCount "50"]
[EventDate "2013.09.07"]
[EventType "tourn"]
[EventRounds "13"]
[EventCountry "HUN"]
[EventCategory "2"]
[SourceTitle "CBM 156 Extra"]
[Source "ChessBase"]
[SourceDate "2013.10.22"]
[SourceVersion "1"]
[SourceVersionDate "2013.10.22"]
[SourceQuality "1"]

1. e4 c5 2. Nf3 e6 3. c4 a6 4. Nc3 Qc7 5. Be2 d6 6. d4 cxd4 7. Nxd4 Nf6 8. 0-0 b6 9. Be3 Bb7 10. f3 Be7 11. Rc1 0-0 12. Qd2 Nbd7 13. b4 Rac8 14. a3 Kh8 15. Nb3 Rg8 16. Kh1 g5 17. Na4 g4 18. Nd4 Rg7 19. c5 gxf3 20. gxf3 bxc5 21. bxc5 Rcg8 22. Rg1 Ne5 23. Rxg7 Rxg7 24. cxd6 Qxd6 25. Nc5 Bc6 1/2-1/2

[Event "Budapest FS09 IM"]
[Site "Budapest"]
[Date "2013.09.10"]
[Round "3"]
[White "Rudakov, Aleksander"]
[Black "Szalanczy, Emil"]
[Result "1-0"]
[WhiteElo "2209"]
[BlackElo "2261"]
[PlyCount "64"]
[EventDate "2013.09.07"]
[EventType "tourn"]
[EventRounds "13"]
[EventCountry "HUN"]
[EventCategory "2"]
[SourceTitle "CBM 156 Extra"]
[Source "ChessBase"]
[SourceDate "2013.10.22"]
[SourceVersion "1"]
[SourceVersionDate "2013.10.22"]
[SourceQuality "1"]

1. e4 c5 2. Nf3 d6 3. Bb5+ Bd7 4. Bxd7+ Qxd7 5. 0-0 Nf6 6. Re1 g6 7. c3 Bg7 8. d4 0-0 9. Bg5 h6 10. Bxf6 exf6 11. Nbd2 Na6 12. Nc4 cxd4 13. Qxd4 Rfd8 14. Rad1 Qe6 15. Qd5 Nc5 16. Nxd6 Na4 17. Qxe6 fxe6 18. Nxb7 Rdb8 19. Rd7 Nxb2 20. Nd4 Nd3 21. Nxe6 Bf8 22. Rd1 Nb2 23. Rb1 Na4 24. c4 Re8 25. Nxf8 Rxf8 26. Nd6 Rab8 27. Rxb8 Rxb8 28. g3 Rb1+ 29. Kg2 a6 30. Rf7 Rb6 31. Rxf6 Kg7 32. Ne8+ Kg8 1-0

[Event "Novi Sad/Vukovar"]
[Site "Novi Sad/Vukovar"]
[Date "2013.05.30"]
[Round "8"]
[White "Rudakov, Aleksander"]
[Black "Dokic, Zoran"]
[Result "1/2-1/2"]
[WhiteElo "2144"]
[BlackElo "2224"]
[PlyCount "25"]
[EventDate "2013.05.26"]
[EventType "tourn"]
[EventRounds "9"]
[EventCountry "SRB"]
[EventCategory "4"]
[SourceTitle "CBM 154 Extra"]
[Source "ChessBase"]
[SourceDate "2013.06.25"]
[SourceVersion "2"]
[SourceVersionDate "2013.06.25"]
[SourceQuality "1"]

1. e4 c6 2. d4 d5 3. Nc3 dxe4 4. Nxe4 Bf5 5. Ng3 Bg6 6. h4 h6 7. Nf3 Nd7 8. h5 Bh7 9. Bd3 Bxd3 10. Qxd3 Ngf6 11. Bd2 e6 12. 0-0-0 Bd6 13. Nf1 1/2-1/2

[Event "Novi Sad/Vukovar"]
[Site "Novi Sad/Vukovar"]
[Date "2013.05.26"]
[Round "1"]
[White "Rudakov, Aleksander"]
[Black "Martorelli, Antonio"]
[Result "1/2-1/2"]
[WhiteElo "2144"]
[BlackElo "2231"]
[PlyCount "92"]
[EventDate "2013.05.26"]
[EventType "tourn"]
[EventRounds "9"]
[EventCountry "SRB"]
[EventCategory "4"]
[SourceTitle "CBM 154 Extra"]
[Source "ChessBase"]
[SourceDate "2013.06.25"]
[SourceVersion "2"]
[SourceVersionDate "2013.06.25"]
[SourceQuality "1"]

1. e4 c5 2. Nf3 e6 3. c4 Nc6 4. Be2 Nf6 5. Nc3 d5 6. exd5 exd5 7. d4 cxd4 8. Nxd4 dxc4 9. Nxc6 Qxd1+ 10. Kxd1 bxc6 11. Bf3 Bg4 12. Re1+ Be7 13. Bxg4 Nxg4 14. Kc2 Nxf2 15. b3 Kd7 16. bxc4 Bf6 17. Re2 Ng4 18. Bf4 Rae8 19. Rd1+ Kc8 20. Ne4 Be5 21. Bxe5 Rxe5 22. h3 Rxe4 23. Rxe4 Nf2 24. Re7 Nxd1 25. Kxd1 Rd8+ 26. Kc2 Rd7 27. Re8+ Kc7 28. c5 f5 29. Kc3 Rf7 30. Kd4 Kd7 31. Ra8 Ke6 32. Rc8 Rd7+ 33. Kc4 Rd2 34. Rxc6+ Ke5 35. Rc7 Rxg2 36. Rxa7 f4 37. a4 h5 38. Rf7 g5 39. a5 Ra2 40. Kb5 g4 41. hxg4 hxg4 42. c6 Rb2+ 43. Ka6 g3 44. Rg7 Kd6 45. c7 Rc2 46. Rg4 g2 1/2-1/2

[Event "Maastricht Limburg op-A 7th"]
[Site "Maastricht"]
[Date "2013.05.19"]
[Round "5"]
[White "Rudakov, Aleksander"]
[Black "Ernst, Sipke"]
[Result "0-1"]
[WhiteElo "2144"]
[BlackElo "2587"]
[PlyCount "64"]
[EventDate "2013.05.17"]
[EventType "swiss"]
[EventRounds "7"]
[EventCountry "NED"]
[SourceTitle "CBM 154 Extra"]
[Source "ChessBase"]
[SourceDate "2013.06.25"]
[SourceVersion "2"]
[SourceVersionDate "2013.06.25"]
[SourceQuality "1"]

1. c4 Nf6 2. Nc3 c5 3. g3 d5 4. cxd5 Nxd5 5. Bg2 Nc7 6. Nf3 Nc6 7. d3 e5 8. 0-0 Be7 9. Nd2 Bd7 10. a4 0-0 11. Nc4 f6 12. f4 exf4 13. Bxf4 Kh8 14. Nd6 b6 15. Nb7 Qc8 16. Nd6 Bxd6 17. Bxd6 Re8 18. a5 Rb8 19. axb6 axb6 20. Nd5 Nxd5 21. Bxd5 Rb7 22. Rf4 Be6 23. e4 Bxd5 24. exd5 Nd4 25. Re4 Rd7 26. Rc1 Qd8 27. Bf4 Rxd5 28. Kg2 Rd7 29. Qh5 g6 30. Qh3 Rde7 31. Rce1 f5 32. Be5+ Kg8 0-1